| 000 | 00544nam a22001937a 4500 | ||
|---|---|---|---|
| 005 | 20180523135332.0 | ||
| 010 | _a437519 | ||
| 035 | _a437519 | ||
| 037 | _bBPPD/PUB | ||
| 082 | _a954.02 | ||
| 100 | _aManucci, Niccolao | ||
| 245 |
_aStoria do mogar: _bor mogul India _cby Niccolao Manucci |
||
| 260 |
_aCalcutta _bEditions Indian _c1966 |
||
| 270 |
_a59A, Shambazar Street _bCalcutta |
||
| 300 |
_a457p. _c20cm(Hb) |
||
| 500 | _a | ||
| 942 |
_2ddc _cEN _mMAN _h954.02 |
||
| 999 |
_c152226 _d152226 |
||